000 00240nam a2200109Ia 4500
008 190216s9999||||xx |||||||||||||| ||und||
100 _aKesavadev P
245 0 _aFrom The Gutter
260 _bNbs Kottayam
650 _aEnglish
942 _cBK
999 _c12988
_d12988